000 01230cam a22003134a 4500
001 13103389
003 NUST
005 20210112124419.0
008 030225s2004 nyua b 001 0 eng
010 _a 2003042981
020 _a9780195322484 (paper back)
038 _aSNS Library Staff
040 _aDLC
_cDLC
_dDLC
042 _apcc
050 0 0 _aQA269
_b.O78 2004
082 0 0 _a519.3 OSB 2009
_221
_bOSB
100 1 _aOsborne, Martin J.
_935589
245 1 3 _aAn Introduction to Game Theory
_cMartin J. Osborne.
260 _aNew York :
_bOxford University Press,
_cc2004.
300 _axvii, 533 p. :
_bill. ;
_c25 cm..
440 _aAn Introduction to Game Theory
_935590
504 _aIncludes bibliographical references (p. 507-524) and index.
650 0 _aGame theory.
_935591
856 4 2 _3Publisher description
_uhttp://www.loc.gov/catdir/enhancements/fy0614/2003042981-d.html
856 4 1 _3Table of contents only
_uhttp://www.loc.gov/catdir/enhancements/fy0614/2003042981-t.html
906 _a7
_bcbc
_corignew
_d1
_eocip
_f20
_gy-gencatlg
942 _2ddc
_cBK
_k519.3 OSB 2009
999 _c541228
_d541228